000 00905nam a2200253 a 4500
001 72098
003 BD-RjUL
005 20211209082218.0
008 170513s1952 enka b 001 0 eng
035 _a(BD-RjUL)72314
040 _aDLC
_cODaWU
_dOCoLC
_dUk
_dDLC
_dBD-RjUL
_beng
041 _aeng
082 _223
_a541.34
_bGUM 1952
100 1 _aGuggenheim, E. A.
_q(Edward Armand),
_d1901-
_9205822
245 1 0 _aMixtures :
_bthe theory of the equilibrium properties of some simple classes of mixtures, solutions and alloys /
_cE A Guggenheim
260 _aOxford :
_bClarendon Press,
_c1952.
300 _ax, 270 p. :
_bill. ;
_c25 cm.
500 _aIncludes index
650 0 _aSolution (Chemistry)
_9170012
650 0 _aAlloys.
_9160235
830 _aThe International series of monographs on physics
_9213224
942 _2ddc
_cBK
999 _c72098
_d72098